Entry Personal Name
Number of records used in: 1
001 - CONTROL NUMBER
003 - CONTROL NUMBER IDENTIFIER
005 - DATE AND TIME OF LATEST TRANSACTION
- control field:
20231214121652.0
008 - FIXED-LENGTH DATA ELEMENTS
- fixed length control field:
080725n| acannaabn |n aaa
010 ## - LIBRARY OF CONGRESS CONTROL NUMBER
- LC control number:
n 2008050177
040 ## - CATALOGING SOURCE
- Original cataloging agency:
DLC
- Language of cataloging:
eng
- Transcribing agency:
DLC
- Modifying agency:
DLC
100 1# - HEADING--PERSONAL NAME
- Personal name:
Chattopadhyay, Kalyan K.
670 ## - SOURCE DATA FOUND
- Source citation:
Banerjee, Arghya N. P-type transparent semiconducting delafossite cualo2+x thin film, 2008:
- Information found:
t.p. (Kalyan K. Chattopadhyay)